| 000 | 00466nab a2200145Ia 4500 | ||
|---|---|---|---|
| 003 | ES-SlBCS | ||
| 005 | 20210601125302.0 | ||
| 008 | 140529s1997 xxu||||| |||| 00| 0 eng d | ||
| 041 | _aeng | ||
| 100 | 1 |
_aJohson, Robert Neal _9156316 |
|
| 245 | 0 | 0 |
_aReasons and Advice for the Practically Rational _c Robert Neal Johson |
| 650 | 0 | 4 |
_aRazón Práctica _9131604 |
| 773 | 0 |
_tPhilosophy and Phenomenological Research _gvol. 57, 1997, págs. 619-626 _wRev1411 |
|
| 942 | _cAR | ||
| 999 |
_c527834 _d527834 |
||